Introduction to Ethics / (Record no. 82177)
[ view plain ]
| 000 -LEADER | |
|---|---|
| fixed length control field | 00912nam a22002657a 4500 |
| 003 - CONTROL NUMBER IDENTIFIER | |
| control field | URS |
| 005 - DATE AND TIME OF LATEST TRANSACTION | |
| control field | 20250225224438.0 |
| 008 - FIXED-LENGTH DATA ELEMENTS--GENERAL INFORMATION | |
| fixed length control field | 250225b2023 ph ||||| |||| 00| 0 eng d |
| 020 ## - INTERNATIONAL STANDARD BOOK NUMBER | |
| International Standard Book Number | 978-621-409-193-5 |
| 040 ## - CATALOGING SOURCE | |
| Original cataloging agency | DLC |
| Language of cataloging | eng |
| Transcribing agency | DLC |
| Modifying agency | DLC |
| -- | URS |
| Description conventions | rda |
| 082 ## - DEWEY DECIMAL CLASSIFICATION NUMBER | |
| Classification number | 170 |
| Item number | In8 2023 |
| 100 ## - MAIN ENTRY--PERSONAL NAME | |
| Personal name | Umali Vanessa, D. |
| Relator term | Author |
| 245 ## - TITLE STATEMENT | |
| Title | Introduction to Ethics / |
| Statement of responsibility, etc. | Vannessa D. Umali, Jeremias F. Buraga, Michael M. Mesinas, Mariel A. Dela Trinidad, Joliver L. Lobo |
| 264 ## - PRODUCTION, PUBLICATION, DISTRIBUTION, MANUFACTURE, AND COPYRIGHT NOTICE | |
| Place of production, publication, distribution, manufacture | Philippines : |
| Name of producer, publisher, distributor, manufacturer | Books Atbp. Publishing Corp. |
| Date of production, publication, distribution, manufacture, or copyright notice | [2023] |
| 300 ## - PHYSICAL DESCRIPTION | |
| Extent | viii, 192 pages: |
| Dimensions | 22 cm. |
| 336 ## - CONTENT TYPE | |
| Source | rdacontent |
| Content type term | text |
| Content type code | txt |
| 337 ## - MEDIA TYPE | |
| Source | rdamedia |
| Media type term | unmediated |
| Media type code | n |
| 338 ## - CARRIER TYPE | |
| Source | rdacarrier |
| Carrier type term | volume |
| Carrier type code | nc |
| 504 ## - BIBLIOGRAPHY, ETC. NOTE | |
| Bibliography, etc. note | includes bibliographical reference ( page 191). |
| 700 ## - ADDED ENTRY--PERSONAL NAME | |
| Personal name | Buraga, Jeremias F. |
| 700 ## - ADDED ENTRY--PERSONAL NAME | |
| Personal name | Mesinas, M. Michael |
| 700 ## - ADDED ENTRY--PERSONAL NAME | |
| Personal name | Dela Trinidad, Mariel A. |
| 700 ## - ADDED ENTRY--PERSONAL NAME | |
| Personal name | Lobo, Joliver L. |
| 942 ## - ADDED ENTRY ELEMENTS (KOHA) | |
| Source of classification or shelving scheme | Dewey Decimal Classification |
| Koha item type | Filipiniana |
| Withdrawn status | Source of classification or shelving scheme | Damaged status | Not for loan | Home library | Current library | Date acquired | Total Checkouts | Full call number | Barcode | Date last seen | Price effective from | Koha item type | Shelving location | Copy number |
|---|---|---|---|---|---|---|---|---|---|---|---|---|---|---|
| Library of Congress Classification | Antipolo College Library | Antipolo College Library | 08/07/2025 | BJ 1012 .In891 2023 | URSANT-06078 | 08/07/2025 | 08/07/2025 | Filipiniana | Filipiniana Section | C1 | ||||
| Library of Congress Classification | Antipolo College Library | Antipolo College Library | 08/07/2025 | BJ 1012 .In891 2023 | URSANT-06079 | 08/07/2025 | 08/07/2025 | Filipiniana | Filipiniana Section | C2 | ||||
| Library of Congress Classification | Antipolo College Library | Antipolo College Library | 08/07/2025 | BJ 1012 .In891 2023 | URSANT-06080 | 08/07/2025 | 08/07/2025 | Filipiniana | Filipiniana Section | C3 | ||||
| Dewey Decimal Classification | Pililla College Library | Pililla College Library | 02/25/2025 | 170 In8 2023 | URSPIL-7228 | 02/25/2025 | 02/25/2025 | Filipiniana |